Southville International School and Colleges
Your cart is empty.
  • Cart
  • Lists
    Public lists Eva Luna New books Lux_list list_1
    Your lists Log in to create your own lists
  • Log in to your account
  • Your cookies
  • Search history
Southville International School and Colleges
  • Advanced search
  • Recent comments
  • Most popular
  • Libraries

Log in to your account

Log in with GOOGLE


If you do not have an external account, but do have a local account, you can still log in:

  1. Home
  2. MARC view: Five silver daughters
Normal view MARC view ISBD view

Five silver daughters (Record no. 11311)

[ view plain ]
MARC details
000 -LEADER
fixed length control field 00512nam a22001937a 4500
003 - CONTROL NUMBER IDENTIFIER
control field LC
005 - DATE AND TIME OF LATEST TRANSACTION
control field 20160223101834.0
008 - FIXED-LENGTH DATA ELEMENTS--GENERAL INFORMATION
fixed length control field 130914t xxu||||| |||| 00| 0 eng d
020 ## - INTERNATIONAL STANDARD BOOK NUMBER
International Standard Book Number 9780575040632
050 ## - LIBRARY OF CONGRESS CALL NUMBER
Classification number PR 6013.03
Item number .G568 1934
082 ## - DEWEY DECIMAL CLASSIFICATION NUMBER
Classification number FIC
Item number G56f 1987
100 ## - MAIN ENTRY--PERSONAL NAME
Personal name Golding, Louis
9 (RLIN) 19764
245 ## - TITLE STATEMENT
Title Five silver daughters
Statement of responsibility, etc Louis Golding
260 ## - PUBLICATION, DISTRIBUTION, ETC. (IMPRINT)
Place of publication, distribution, etc London :
Name of publisher, distributor, etc Victor Gollancz Ltd,
Date of publication, distribution, etc c1934.
300 ## - PHYSICAL DESCRIPTION
Extent 608 p. :
Dimensions 20 cm.
650 ## - SUBJECT ADDED ENTRY--TOPICAL TERM
Topical term or geographic name as entry element Fiction.
9 (RLIN) 746
942 ## - ADDED ENTRY ELEMENTS (KOHA)
Source of classification or shelving scheme Library of Congress Classification
Koha item type Books
Holdings
Withdrawn status Lost status Source of classification or shelving scheme Damaged status Home library Current library Shelving location Date acquired Total Checkouts Full call number Barcode Date last seen Copy number Price effective from Koha item type
    Library of Congress Classification   Luxembourg Library Luxembourg Library Fiction Section 09/14/2013   PR 6013.03 .G568 1934 3720 09/07/2015 1 09/14/2013 Books

Five silver daughters

APA

Golding L., . (1934). Five silver daughters. London: Victor Gollancz Ltd.

Chicago

Golding Louis, . 1934. Five silver daughters. London: Victor Gollancz Ltd.

Harvard

Golding L., . (1934). Five silver daughters. London: Victor Gollancz Ltd.

MLA

Golding Louis, . Five silver daughters. London: Victor Gollancz Ltd. 1934.

  • Place hold
  • Print
  • Cite
  • Add to your cart (remove)
  • Save record
    BIBTEX Dublin Core MARCXML MARC (non-Unicode/MARC-8) MARC (Unicode/UTF-8) MARC (Unicode/UTF-8, Standard) MODS (XML) RIS
  • More searches
    Search for this title in:
    Other Libraries (WorldCat) Other Databases (Google Scholar) Online Stores (Bookfinder.com) Open Library (openlibrary.org)

Exporting to Dublin Core...

SOUTHVILLE LIBRARY

Southville International School and Colleges Library

1281 Tropical Ave. Cor. Luxembourg St., BF Homes International, Las Pinas City

Tel. No. 8256374 / 252358 Loc. 117/146

Powered by Koha